Economie et religion : une critique de Max Weber
Αποθηκεύτηκε σε:
| Κύριος συγγραφέας: | |
|---|---|
| Μορφή: | Βιβλίο |
| Γλώσσα: | French Swedish |
| Δημοσίευση: |
Paris :
Mouton,
1971.
|
| Σειρά: | L'oevre sociologique ;
2 |
| Θέματα: | |
| Ετικέτες: |
Προσθήκη ετικέτας
Δεν υπάρχουν, Καταχωρήστε ετικέτα πρώτοι!
|
MARC
| LEADER | 00000cam a2200000 i 4500 | ||
|---|---|---|---|
| 001 | 1/7470 | ||
| 008 | 960807s1971 fr | ||| |||| ||fre|| | ||
| 035 | |l 10016715 | ||
| 040 | |a GR-MyUA |b gre |e AACR2 | ||
| 041 | 1 | |a fre |h swe | |
| 082 | 0 | |a 306.6 | |
| 100 | 1 | |a Samuelsson, Kurt. | |
| 245 | 1 | 0 | |a Economie et religion : |b une critique de Max Weber / |c Kurt Samuelsson ; introduction par D. C. Coleman. |
| 260 | |a Paris : |b Mouton, |c 1971. | ||
| 300 | |a 130 σ. | ||
| 490 | 1 | |a (L'oevre sociologique |v ; 2) | |
| 500 | |a Τίτλος πρωτοτύπου: Ekonomi och religion. | ||
| 504 | |a Περιέχει ευρετήριο. | ||
| 650 | 0 | 0 | |a Economics |x Religious aspects |x Christianity. |
| 650 | 0 | 0 | |a Capitalism |x Religious aspects |x Christianity. |
| 650 | 0 | 0 | |a Puritans |x Economic conditions. |
| 830 | 0 | |a L'oevre sociologique ; |v 2 | |
| 852 | |a INST |b LESVOS |e 19960807 |h 306.6 SAM |p 005100006326 |q 005100006326 |t BK |y 0 | ||
| 909 | |a Λ |b 008436 | ||
| 922 | |a 1ΕΛΗ |b 198707 |c ΠΠ/8715 | ||